Регионална библиотека "Любен Каравелов" - Русе

Танц в сенките (Запис номер 81117)

MARC детайли
000 -Лидер
Контролно поле с фиксирана дължина 01334nam a2200349 c 4500
003 - Код на организацията, давaща контролен номер
Контролно поле BLK
005 - Дата и час на последна редакция
Контролно поле 20241129113628.0
008 - Елементи от данни с фиксирана дължина
fixed length control field 180408b bul|||||r ||||||| ||bul||
010 ## - Наследен системен номер
LC control number KNG00085615000
020 ## - Международен стандартен номер на книга ISBN
Международен стандартен номер на книга ISBN 978-954-26-0673-4
-- издат.: Хермес
040 ## - Източник на каталожния запис
Идентификатор на билиотеката - собственик на записа BLK
041 ## - Код за език
Код за езика на текст/звукозапис или на отделно заглавие Български
Код за езика КДБФ Български
080 ## - УДК
Текстов определител УДК Американска литература (на САЩ)
УДК код - определител по УДК 821.111(73)
УДК определител -312.4
УДК - код + определител 821.111(73)-312.4
100 1# - Редна дума - Автор
Автор Гаруд, Джули
Дати, свързани с автора 1946 -
Авторска отговорност първи автор
R(LIN) 51448
139 ## - Редно поле
Редна дума Гарууд, Джули
Авторски знак Гар - Г 23
245 10 - Сведения за заглавието
Заглавие Танц в сенките
Подзаглавни данни Роман
Редно поле (дума) * Джули Гарууд; Джули Гаруд; прев. от англ. Диана Янакиева Кутева.
257 ## - Страна на издаване
Страна на създаване/издаване Съединени американски щати
260 ## - Област на издателските данни
-- Пловдив
Име на издателя, разпространителя и проч. Хермес
Година на издаване 2008
Печатница Хасково : Полиграфюг
300 ## - Физическа характеристика
Страници 319 с.
Размери/Мащаб 20 см
380 ## - Жанр
Жанр Худож. лит.
490 1# - СЕРИИ (Колекции)
Име на серия Мегаселър
500 ## - Общи забележки
Забележка Ориг. загл. Shadow Dance / Julie Garwood.
653 ## - Ключова дума – ненормативна
Ключова дума романи
700 1# - Други автори (авторска отговорност)
Лично име Гарууд, Джули
Автороска отговорност (Описва отношението между автора и произведението) *
9 (RLIN) 51452
700 1# - Други автори (авторска отговорност)
Лично име Кутева, Диана Янакиева
Дати, свързани с автора 1955 -
9 (RLIN) 85939
852 ## - Местоположение
Форматна сигнатура Цб 241335
856 4# - Електронен адрес и достъп
Електронен формат pdf - файл
Път до файла /url/
856 4# - Електронен адрес и достъп
Електронен формат pdf - файл
Път до файла /url/
942 ## - АРТИКУЛИ
Вид на библиотечния материал Книги
Скрит в OPAC Не
Koha issues (borrowed), all copies 91
944 ## - СЪЗДАВАНЕ И РЕДАКЦИЯ на ЗАПИСА
Създаване/Редакция Създаване
Дата на регистрацията/редакция 16.09.2008
Статус, дата на статуса Ивелин Русев
Служител, извършил регистрацията/редакцията 30563
944 ## - СЪЗДАВАНЕ И РЕДАКЦИЯ на ЗАПИСА
Създаване/Редакция Редакция
Дата на регистрацията/редакция 04.03.2014
Статус, дата на статуса ф /
Служител, извършил регистрацията/редакцията
999 ## - СИСТЕМНИ КОНТРОЛНИ НОМЕРА
Koha biblionumber 81117
Koha biblioitemnumber 81117
Наличности
Код за отписване Код за изгубен артикул Източник на класификационната схема Код за повреда Коз за рестрикции Код за отдаване Артикулен № Име на библиотеката - собственик Име на библиотеката, в която се намира в момента Статус (Текущо местоположение) Дата на вписване в системата Местоположение - отдел Цена в лева Инвентарен номер Систематично азбучна сигнатура Баркод Номер на екземпляра Цена в евро Служебна бележка Служебен тип на артикула
  Не е изгубен Universal Decimal Classification Не е повреден без рестрикции заемане за дома 131414 Регионална библиотека "Любен Каравелов" Русе Регионална библиотека "Любен Каравелов" Русе Заемна - подръчен фонд 2008-09-16 Заемна - подръчен фонд 9.95 120000729044 821-31/Г 23 120000729044 1 5.09 Дост: Pk Вид: Ф N: 264 Дата: 16.09.2008 Дата инв: 01.03.2018 Бележки инв: П2018 Книги
Изтеглен Не е изгубен Universal Decimal Classification Не е повреден без рестрикции заемане за дома 131415 Регионална библиотека "Любен Каравелов" Русе Регионална библиотека "Любен Каравелов" Русе Заемна - подръчен фонд 2008-09-16 Заемна - подръчен фонд 9.95 120000729045 П 820(73)-31/Г 23 120000729045 2 5.09 Дост: Pk Вид: Ф N: 264 Дата: 16.09.2008 Дата инв: 15.02.2018 Бележки инв: П2018 Книги
Изтеглен Не е изгубен Universal Decimal Classification Не е повреден без рестрикции заемане за дома 131416 Регионална библиотека "Любен Каравелов" Русе Регионална библиотека "Любен Каравелов" Русе Заемна - подръчен фонд 2008-09-16 Подвързия, Комплектуване 9.95 120000729046 П 820(73)-31/Г 23 120000729046 3 5.09 Дост: Pk Вид: Ф N: 264 Дата: 16.09.2008 Книги
  Не е изгубен   Не е повреден без рестрикции заемане за дома 131417 Регионална библиотека "Любен Каравелов" Русе Регионална библиотека "Любен Каравелов" Русе Заемна - подръчен фонд 2008-09-16 Заемна - подръчен фонд 9.95 120000729047 П 820(73)-31/Г 23 120000729047 4 5.09 Дост: Pk Вид: Ф N: 264 Дата: 16.09.2008 Дата инв: 15.02.2018 Бележки инв: П2018 Книги
Изтеглен Не е изгубен Universal Decimal Classification Не е повреден без рестрикции заемане за дома 131418 Регионална библиотека "Любен Каравелов" Русе Регионална библиотека "Любен Каравелов" Русе Заемна - подръчен фонд 2008-09-16 Заемна - подръчен фонд 9.95 120000729048 П 820(73)-31/Г 23 120000729048 5 5.09 Дост: Pk Вид: Ф N: 264 Дата: 16.09.2008 Дата инв: 28.02.2018 Бележки инв: П2018 Книги
  Не е изгубен   Не е повреден без рестрикции ползва се в читалня 131419 Регионална библиотека "Любен Каравелов" Русе Регионална библиотека "Любен Каравелов" Русе Хранилище 2009-09-23 Хранилище 9.95 120000738210 Цб 241335 120000738210 6 5.09 Дост: Dp Вид: Д N: 15 Дата: 01.04.2009 Книги
  Не е изгубен   Не е повреден без рестрикции заемане за дома 131420 Регионална библиотека "Любен Каравелов" Русе Регионална библиотека "Любен Каравелов" Русе Заемна - подръчен фонд 2014-02-07 Заемна - подръчен фонд 9.95 120000774184 П 820(73)-31/Г 23 120000774184 7 5.09 Дост: DA Вид: А N: 3 Дата: 07.02.2014 Дата инв: 15.02.2018 Бележки инв: П2018 Книги
Vip Innovations Ltd, Rousse, Bulgaria 2025